| 000 | 00983nam a2200325 a 4500 | ||
|---|---|---|---|
| 001 | 1650 | ||
| 003 | BD-RjUL | ||
| 005 | 20211208233359.0 | ||
| 008 | 131208s1981 maua b 001 0 eng | ||
| 020 | _a0316303224 | ||
| 035 | _a(BD-RjUL)1677 | ||
| 040 |
_aDLC _cDLC _dDLC _dBD-RjUL _beng |
||
| 041 | _aeng | ||
| 082 | 0 | 0 |
_a305.23 _219 _bGAC 1981 |
| 100 | 1 |
_aGander, Mary J. _95450 |
|
| 245 | 1 | 0 |
_aChild and adolescent development / _cMary J. Gander, Harry W. Gardiner ; with the assistance of George M. Bass, Jr. |
| 260 |
_aBoston : _bLittle, Brown, _cc1981. |
||
| 300 |
_axviii, 520 p. : _bill. ; _c24 cm. |
||
| 504 | _aBibliography: p. 457-487. | ||
| 504 | _aIncludes index. | ||
| 650 | 0 |
_aChild development. _95451 |
|
| 650 | 0 |
_aAdolescence. _95452 |
|
| 650 | 0 |
_aPersonality. _95453 |
|
| 650 | 0 |
_aSocial integration. _95454 |
|
| 700 | 1 |
_aGardiner, Harry W. _95455 |
|
| 700 | 1 |
_aBass, George M. _95456 |
|
| 942 |
_2ddc _cBK |
||
| 999 |
_c1650 _d1650 |
||